Study of structural revamping of boeung ket rubber plantations company, ( ការសិក្សាអំពីកំណែទំរង់ថ្មីរបស់ក្រុមហ៊ុនចំការកៅស៊ូបឹងកេត). (Record no. 331)
[ view plain ]
| 000 -LEADER | |
|---|---|
| fixed length control field | 00590nam a22001577a 4500 |
| 003 - CONTROL NUMBER IDENTIFIER | |
| control field | OSt |
| 005 - DATE AND TIME OF LATEST TRANSACTION | |
| control field | 20150912162926.0 |
| 008 - FIXED-LENGTH DATA ELEMENTS--GENERAL INFORMATION | |
| fixed length control field | 150912b xxu||||| |||| 00| 0 eng d |
| 040 ## - CATALOGING SOURCE | |
| Transcribing agency | RUA |
| 050 ## - LIBRARY OF CONGRESS CALL NUMBER | |
| Item number | AGR HEM 1996 |
| 082 ## - DEWEY DECIMAL CLASSIFICATION NUMBER | |
| Edition number | AGR HEM 1996 BOO17 Or.1 |
| 100 ## - MAIN ENTRY--PERSONAL NAME | |
| 9 (RLIN) | 350 |
| Personal name | HEM, SOKLAY |
| 245 ## - TITLE STATEMENT | |
| Title | Study of structural revamping of boeung ket rubber plantations company, ( ការសិក្សាអំពីកំណែទំរង់ថ្មីរបស់ក្រុមហ៊ុនចំការកៅស៊ូបឹងកេត). |
| 300 ## - PHYSICAL DESCRIPTION | |
| Extent | 166p. |
| Other physical details | ill. |
| Dimensions | 29cm. |
| 942 ## - ADDED ENTRY ELEMENTS (KOHA) | |
| Source of classification or shelving scheme | |
| Koha item type | AGR |
| Price effective from | Date last seen | Permanent Location | Not for loan | Date acquired | Source of classification or shelving scheme | Koha item type | Lost status | Damaged status | Shelving location | Withdrawn status | Current Location |
|---|---|---|---|---|---|---|---|---|---|---|---|
| 2015-09-12 | 2015-09-12 | Library Block B | 2015-09-12 | AGR | B017 | Library Block B | |||||
| 2015-09-12 | 2015-09-12 | Library Block B | 2015-09-12 | AGR | B017 | Library Block B | |||||
| 2015-09-12 | 2015-09-12 | Library Block B | 2015-09-12 | AGR | B017 | Library Block B |